书目信息 |
| 题名: |
最新英文打字范本
|
|
| 作者: | 杨曾茂 编 | |
| 分册: | ||
| 出版信息: | 北京 金盾出版社 1990.6 |
|
| 页数: | 106页 | |
| 开本: | 26厘米 | |
| 丛书名: | ||
| 单 册: | ||
| 中图分类: | TS879 | |
| 科图分类: | 85.349 | |
| 主题词: | 英文-打字--教材 , 打字-英文--教材 | |
| 电子资源: | ||
| ISBN: | 7-80022-168-7 | |
| 000 | 00809nam 2200253 45 | |
| 001 | 0190004980 | |
| 005 | 20070724180844.07 | |
| 010 | @a7-80022-168-7@dCNY3.00 | |
| 100 | @a19901110d1990 em y0chiy0121 ea | |
| 101 | 2 | @achi@aeng |
| 102 | @aCN@b110000 | |
| 105 | @ay z 000yy | |
| 200 | 10 | @a最新英文打字范本@AZUI XIN YING WEN DA ZI FAN BEN@d=MODERN ENGLISH TYPING MODEL@zeng@f杨曾茂等编@FYANG ZENG MAO DENG BIAN |
| 210 | @a北京@c金盾出版社@d1990.6@h1992 | |
| 215 | @a106页@d26厘米 | |
| 510 | 1 | @aModern English typing model@zeng |
| 540 | 1 | @a最新 英文 打字 范本@AZUI XIN YING WEN DA ZI FAN BEN |
| 606 | @a英文-打字@x教材 | |
| 606 | @a打字-英文@x教材 | |
| 690 | @aTS879 | |
| 692 | @a85.349 | |
| 701 | 0 | @a杨曾茂@AYANG ZENG MAO@4编 |
| 801 | 0 | @aCN@bTSSF@c20070724 |
| 905 | @a10447@dTS879@e46 | |
| 最新英文打字范本=MODERN ENGLISH TYPING MODEL/杨曾茂等编.-北京:金盾出版社,1990.6(1992) |
| 106页;26厘米 |
| ISBN 7-80022-168-7:CNY3.00 |
| ● |
| 相关链接 |
|
|
|
|
正题名:最新英文打字范本
索取号:TS879/46
 
预约/预借
| 序号 | 登录号 | 条形码 | 馆藏地/架位号 | 状态 | 备注 |
| 1 | 0768452 | 207684521 | 第二样本阅览室/ [索取号:TS879/46] | 在馆 | |
| 2 | 0768554 | 207685548 | 密集书库/ [索取号:TS879/46] | 在馆 |